000 00253nam a2200097Ia 4500
001 1229220
005 20250827093056.0
008 250824s9999 xx 000 0 und d
245 0 _aÖLÜMSÜZ ECE
_cGÜLTEN DAYIOĞLU
260 _bALTIN KİTAPLAR YAYINLARI
999 _c1229220
_d1229220